000 00283nam a22001337a 4500
008 170407b xxu||||| |||| 00| 0 eng d
020 _a0721676006
041 _aeng
080 _a616
100 _a9
101 _aSHM
245 _aBASIC PATHOLOGY
_cROBBINS.S.L
942 _2udc
_cBK
999 _c10271
_d10271